On a Map: 'Operation' Body Parts Quiz Stats

 Plays Quiz Updated Mar 18, 2015

Challenge
Share
Tweet
Score 0/13 Timer 03:00
3 Plays Today
% Correct
ADAM'S APPLE
94.1%
BRAIN
FREEZE
86.2%
BUTTERFLIES
IN STOMACH
85.5%
WISH BONE
82.5%
FUNNY
BONE
82.5%
BROKEN
HEART
81.4%
CHARLIE
HORSE
77.4%
SPARE RIBS
67.3%
BREAD BASKET
67%
WATER ON
THE KNEE
63.8%
ANKLEBONE
CONNECTED
TO THE
KNEE BONE
61.4%
WRITER'S
CRAMP
61.3%
WRENCHED
ANKLE
50.2%

You're not logged in!

Compare scores with friends on all Sporcle quizzes.
OR
Log In

You Might Also Like...

Show Comments

Extras

Top Quizzes Today


Score Distribution

Your Account Isn't Verified!

In order to create a playlist on Sporcle, you need to verify the email address you used during registration. Go to your Sporcle Settings to finish the process.

Report this User

Report this user for behavior that violates our Community Guidelines.

Details: